000 00560nam a22001932 4500
001 0000007069
005 20151217145834.0
008 071110s xx 000 0 eng d
020 _a996680594x :
_cKES 690
040 _aKABU
_cKABU
100 1 _aWilkinson, Bruce.
_@0000149193
245 1 4 _aThe Dream giver /
_cBruce Wilkinson.
260 _aNairobi :
_bWordAlive,
_c2003.
300 _a157 p.
650 0 _aSuccess
_xReligious aspects
_xChristianity.
_@0000149264
908 _a071110
950 _@1
999 _c3150
_d3150